000 00604nam a2200205Ia 4500
005 20250923145109.0
008 008 250917s9999 xx 000 0 eng d
037 _aTextual
040 _aDSWL
_beng
_cDSWL
041 _aeng
_2eng
084 _aYX.44'N4, N67
_qDSWL
100 _aManshardt, Clifford
_9831762
245 0 _aPioneering on social frontiers in India
_cby Clifford Manshardt
260 _aBombay
_bLalvani Publiing House
_c1967
300 _axvi,327 p.
365 _aINR
_b16
925 _g16
942 _cTEXL
_hYX.44'N4, N67
999 _c1447043
_d1447043